000 00475cam a2200181 4500
008 000000n1999 000 0 eng u
020 _a1860813283
035 _a(Sirsi) u102235
110 _aBuilding Research Establishment
245 _aRadon: guidance on protective measures for new dwellings.
250 _a3rd ed.
260 _aLondon
_bCRC Ltd.
_c1999
350 _a26.00
490 _aBR
_v211
650 _aHOUSES
690 _aBUILT ENVIRONMENT
942 _n0
999 _c100050
_d100050